header

English as a Lingua Franca in cross-cultural immigration domains / (Record no. 79437)

MARC details
000 -LEADER
fixed length control field 02157nam a2200433 i 4500
001 - CONTROL NUMBER
control field ebr10819433
003 - CONTROL NUMBER IDENTIFIER
control field CaPaEBR
006 - FIXED-LENGTH DATA ELEMENTS--ADDITIONAL MATERIAL CHARACTERISTICS--GENERAL INFORMATION
fixed length control field m o d
007 - PHYSICAL DESCRIPTION FIXED FIELD--GENERAL INFORMATION
fixed length control field cr cn|||||||||
008 - FIXED-LENGTH DATA ELEMENTS--GENERAL INFORMATION
fixed length control field 080827s2008 sz a ob 001 0 eng|d
020 ## - INTERNATIONAL STANDARD BOOK NUMBER
Cancelled/invalid ISBN 9783039116898 (alk. paper)
International Standard Book Number 9783035106640 (e-book)
040 ## - CATALOGING SOURCE
Original cataloging agency CaPaEBR
Language of cataloging eng
Description conventions rda
-- pn
Transcribing agency CaPaEBR
035 ## - SYSTEM CONTROL NUMBER
System control number (OCoLC)865021669
050 14 - LIBRARY OF CONGRESS CALL NUMBER
Classification number PE2751
Item number .G78 2008eb
082 04 - DEWEY DECIMAL CLASSIFICATION NUMBER
Classification number 427.009
Edition number 22
100 1# - MAIN ENTRY--PERSONAL NAME
Personal name Guido, Maria Grazia.
245 10 - TITLE STATEMENT
Title English as a Lingua Franca in cross-cultural immigration domains /
Statement of responsibility, etc Maria Grazia Guido.
264 #1 - PRODUCTION, PUBLICATION, DISTRIBUTION, MANUFACTURE, AND COPYRIGHT NOTICE
Place of production, publication, distribution, manufacture Bern ;
-- New York :
Name of producer, publisher, distributor, manufacturer Peter Lang,
Date of production, publication, distribution, manufacture, or copyright notice 2008.
300 ## - PHYSICAL DESCRIPTION
Extent 1 online resource (298 pages) :
Other physical details illustrations.
336 ## - CONTENT TYPE
Content type term text
Source rdacontent
337 ## - MEDIA TYPE
Media type term computer
Source rdamedia
338 ## - CARRIER TYPE
Carrier type term online resource
Source rdacarrier
490 1# - SERIES STATEMENT
Series statement Linguistic insights,
International Standard Serial Number 1424-8689 ;
Volume number/sequential designation volume 84
504 ## - BIBLIOGRAPHY, ETC. NOTE
Bibliography, etc Includes bibliographical references (pages 255-275) and index.
505 0# - FORMATTED CONTENTS NOTE
Formatted contents note part one. Domain-specific issues in interactions with asylum seekers -- part two. Conversation analysis of immigration-advice encounters -- part three. Community mediation in pedagogic contexts.
588 ## - SOURCE OF DESCRIPTION NOTE
Source of description note Description based on print version record.
590 ## - LOCAL NOTE (RLIN)
Local note Electronic reproduction. Palo Alto, Calif. : ebrary, 2014. Available via World Wide Web. Access may be limited to ebrary affiliated libraries.
650 #0 - SUBJECT ADDED ENTRY--TOPICAL TERM
Topical term or geographic name as entry element English language
General subdivision Variation
Geographic subdivision English-speaking countries.
Topical term or geographic name as entry element English language
General subdivision Variation
Geographic subdivision Foreign countries.
Topical term or geographic name as entry element Intercultural communication
Geographic subdivision English-speaking countries.
Topical term or geographic name as entry element English language
General subdivision Globalization.
Topical term or geographic name as entry element Language and culture.
655 #0 - INDEX TERM--GENRE/FORM
Genre/form data or focus term Electronic books.
776 08 - ADDITIONAL PHYSICAL FORM ENTRY
Display text Print version:
Main entry heading Guido, Maria Grazia.
Title English as a Lingua Franca in cross-cultural immigration domains.
Place, publisher, and date of publication Bern : Peter Lang, 2008
Physical description 285 pages ; 23 cm.
Series data for related item Linguistic insights ; volume 84
International Standard Serial Number 1424-8689 ;
International Standard Book Number 9783039116898
Record control number (DLC)10819433
797 2# - LOCAL ADDED ENTRY--CORPORATE NAME (RLIN)
Corporate name or jurisdiction name as entry element ebrary.
830 #0 - SERIES ADDED ENTRY--UNIFORM TITLE
Uniform title Linguistic insights ;
Volume number/sequential designation v. 84.
856 40 - ELECTRONIC LOCATION AND ACCESS
Uniform Resource Identifier <a href="http://site.ebrary.com/lib/rucke/Doc?id=10819433">http://site.ebrary.com/lib/rucke/Doc?id=10819433</a>
Public note An electronic book accessible through the World Wide Web; click to view

No items available.

© 2026 Rongo University
Contact us: librarian | system librarian | Rongo university